Zvity pro dijal'nist' ukrajins'kych ustanov Čechoslovaččyny Kafedra ukrajins'koji movy ta litaratury Prjašivs'koho Filosofs'koho fakul'tetu

Bibliographic Details
Main Author: Bunganič, Peter, 1918-1997 (Author)
Format: Article
Language:Ukrainian
Subjects:

MARC

LEADER 00000nab a2200000 a 4500
001 vtls008948848
003 SK-MaSNL
005 20260318115009.0
008 070223c1967 xo wr 000 c0ukr
015 |a SNBRA2007/02 
038 |a SVKPOCL 
040 |a SVKPO  |b slo  |c SVKPO  |e AACR2 
041 0 |a ukr 
044 |a xo  |c SK 
080 |a 378  |2 2001 
080 |a 821.161.2  |2 2001 
080 |a 811.161.2  |2 2001 
100 1 |a Bunganič, Peter,  |d 1918-1997  |4 aut  |9 197898 
245 1 0 |a Zvity pro dijal'nist' ukrajins'kych ustanov Čechoslovaččyny  |b Kafedra ukrajins'koji movy ta litaratury Prjašivs'koho Filosofs'koho fakul'tetu  |c P. Bunhanyč, zavidujučyj kafedroju 
500 |a V kapitole Častyna tretja, rubrika Chronika 
610 2 7 |a Univerzita Pavla Jozefa Šafárika v Košiciach.  |b Filozofická fakulta v Prešove.  |b Katedra ukrajinského jazyka a literatúry  |2 svkpocl  |9 223327 
648 7 |a 1953-1966  |2 svkpocl  |9 1602299 
650 0 7 |a ukrajinčina  |2 svkpocl  |9 1347 
650 0 7 |a ukrajinská literatúra  |2 svkpocl  |9 1218 
650 0 7 |a vysoké školy  |2 svkpocl  |9 1277 
651 7 |a Prešov (Slovensko)  |2 svkpocl  |9 17347 
655 7 |a správy  |2 svkpocl  |9 70563 
773 0 |t Vedecký sborník Múzea ukrajinskej kultúry vo Svidníku 3. = Naukovyj zbirnyk Muzeju ukrajins'koji kul'tury v Svydnyku 3.  |d Bratislava : Slovenské pedagogické nakladateľstvo ; Prešov : Odbor ukrajinskej literatúry, 1967  |g S. 409-412 
852 |a SVKPO  |b KIS3GCP 
958 |a UK 
958 |a SK 
999 |c 3299821  |d 3301751